Central Library OPAC University of Rajshahi

Land reform in Bangladesh / (Record no. 8127)

MARC details
000 -LEADER
fixed length control field 00633nam a2200217 a 4500
001 - CONTROL NUMBER
control field 8127
003 - CONTROL NUMBER IDENTIFIER
rucl marc code BD-RjUL
005 - DATE AND TIME OF LATEST TRANSACTION
control field 20211208234528.0
008 - FIXED-LENGTH DATA ELEMENTS--GENERAL INFORMATION
fixed length control field 160730s1981 bg a b 001 0 eng
035 ## - SYSTEM CONTROL NUMBER
System control number (BD-RjUL)8172
040 ## - CATALOGING SOURCE
Original cataloging agency DLC
Transcribing agency DLC
Modifying agency DLC
-- BD-RjUL
Language of cataloging eng
041 ## - LANGUAGE CODE
Language code of text/sound track or separate title eng
082 00 - DEWEY DECIMAL CLASSIFICATION NUMBER
Classification number 333.315492
Edition number 23
Author mark and year LAN 1981
245 00 - TITLE STATEMENT
Title Land reform in Bangladesh /
Statement of responsibility, etc. edited by Muhiuddin Khan Alamgir.
260 ## - PUBLICATION, DISTRIBUTION, ETC. (IMPRINT)
Place of publication, distribution, etc. Dacca :
Name of publisher, distributor, etc. Centre for Social Studies,
Date of publication, distribution, etc. 1981.
300 ## - PHYSICAL DESCRIPTION
Pagination xvi, 247 p. ;
Size 23 cm.
500 ## - GENERAL NOTE
General note Includes index.
650 #0 - SUBJECT ADDED ENTRY--TOPICAL TERM
Topical term or geographic name as entry element Land reform
Geographic subdivision Bangladesh.
9 (RLIN) 25332
700 1# - ADDED ENTRY--PERSONAL NAME
Personal name Alamgir, Mahiuddin Khan.
942 ## - ADDED ENTRY ELEMENTS (KOHA)
Source of classification or shelving scheme Dewey Decimal Classification
Koha item type Books
Holdings
Lost status Source of classification or shelving scheme Damaged status Not for loan Collection code Permanent Location Current Location Shelving location Date acquired Source of acquisition Cost, normal purchase price Total Checkouts Full call number Date last seen Date checked out Copy number Koha item type
  Dewey Decimal Classification     Non-fiction Central Library, University of Rajshahi Central Library, University of Rajshahi   21/07/1984 DUL 55.00 1 333.315492 LAN 1981 03/02/2019 28/01/2019 C-3 Books
  Dewey Decimal Classification     Non-fiction Central Library, University of Rajshahi Central Library, University of Rajshahi   09/04/1984 books pub. 55.00   333.315492 LAN 1981 26/06/2016   C-4 Books
  Dewey Decimal Classification     Non-fiction Central Library, University of Rajshahi Central Library, University of Rajshahi   21/07/1984 D.U.L. 55.00   333.315492 LAN 1981 27/06/2016   C-5 Books
  Dewey Decimal Classification     Non-fiction Central Library, University of Rajshahi Central Library, University of Rajshahi   21/07/1984 D.U.L. 55.00   333.315492 LAN 1981 27/06/2016   C-6 Books
  Dewey Decimal Classification     Non-fiction Central Library, University of Rajshahi Central Library, University of Rajshahi   11/09/1990 shaukat osman 55.00   333.315492 LAN 1981 30/07/2016   C-2 Books
  Dewey Decimal Classification     Non-fiction Central Library, University of Rajshahi Central Library, University of Rajshahi   21/07/1984 Dhaka University Book Agency 55.00   333.315492 LAN 1981 04/08/2016   C-7 Books
  Dewey Decimal Classification   Not For Loan Non-fiction Central Library, University of Rajshahi Central Library, University of Rajshahi Reading Room 21/07/1984 Dhaka University Book Agency 55.00   333.315492 LAN 1981 19/01/2017   C-1 Books